| 000 | 00563nam a2200181Ia 4500 | ||
|---|---|---|---|
| 008 | 090124s9999 xx 000 0 und d | ||
| 082 | _b6364 | ||
| 100 | _aदळवी जयवंत | ||
| 245 | _a संध्य़ा छाय़ा | ||
| 250 | _a0 | ||
| 260 |
_bमॅजेस्कि बुक स्टॅाल _c1974 |
||
| 300 | _a83 | ||
| 600 | _aदळवी जयवंत | ||
| 630 | _a संध्य़ा छाय़ा | ||
| 700 | _aदळवी जयवंत | ||
| 730 | _a संध्य़ा छाय़ा | ||
| 942 | _cBOOK | ||
| 999 |
_c85248 _d85248 |
||